Municipalities of Clark County, Wisconsin - Statistics

General Stats
  • This quiz has been taken 29 times
  • The average score is 23 of 48
Answers on the Map
Answers color-coded by a green-red scale on the quiz's map according to % correct below.
 
Answer Stats
Answer % Correct
Census Designated Place of Humbird
100%
City of Abbotsford
67%
City of Colby
67%
City of Neillsville
67%
City of Owen
67%
City of Stanley
67%
City of Thorp
67%
Town of Butler
67%
Town of Colby
67%
Town of Dewhurst
67%
Town of Foster
67%
Town of Hendren
67%
Town of Hewett
67%
Town of Mayville
67%
Town of Mead
67%
Town of Mentor
67%
Town of Seif
67%
Town of Thorp
67%
Town of Unity
67%
Town of Withee
67%
Village of Dorchester
67%
Village of Unity
67%
Village of Withee
67%
Census Designated Place of Chili
33%
City of Greenwood
33%
City of Loyal
33%
Town of Beaver
33%
Town of Eaton
33%
Town of Fremont
33%
Town of Grant
33%
Town of Green Grove
33%
Town of Levis
33%
Town of Loyal
33%
Town of Lynn
33%
Town of Pine Valley
33%
Town of Reseburg
33%
Town of Sherman
33%
Town of Sherwood
33%
Town of Warner
33%
Town of Weston
33%
Town of Worden
33%
Town of York
33%
Village of Curtiss
33%
Village of Granton
33%
Town of Hixon
0%
Town of Hoard
0%
Town of Longwood
0%
Town of Washburn
0%
No matching quizzes found
Score Distribution
Percent of People with Each Score
Percentile by Number Answered
Your Score History
You have not taken this quiz